North star basic/ low intermediate reading and writing

Saved in:
Bibliographic Details
Format: Book
Published: 1998
Tags: Add Tag
No Tags, Be the first to tag this record!
Institutions: Mạng thư viện Đại học Đà Nẵng
LEADER 00460nam a22001811a 4500
001 000038191
003 14486
005 20160412021236.0
008 160412s1998 000
082 |a 4A(07)1793-94 
245 |a North star basic/ low intermediate reading and writing  |c Natasha 
260 |c 1998 
OWN |a LNN 
999 |a From the UDN01 
TYP |a Monograph 
980 |a Mạng thư viện Đại học Đà Nẵng